Vanhat Itämeren laivat - Statistics

Yleistilastot
  • Tätä visaa on pelattu 25 kertaa
    16 viimeisimmän päivityksen jälkeen
  • Keskiarvotulos 9 / 12
Vastaustilastot
Hint Vastaus % Oikein
Viking Line 1990-2023 Rosella
100%
Viking Line 1988-2022 Amorella
91%
Estline 1980-1994 Estonia
91%
Viking Line 1985-2021 Mariella
91%
(vuokralla) Tallink 1993-2022 Europa
82%
(vuokralla) Silja Line 2006-2023 Galaxy
73%
Tallink 1989-2022 Isabella
64%
Tallink 2002-2022 Romantika
64%
Tallink 2008-2017 Superstar
64%
Tallinnk 2007-2023 Star
55%
Silja Line 1986-2013 Silja Festival
45%
Silja Line 1985-1994 Silja Karneval
45%
Ehtoja vastaavia visoja ei löytynyt
Tulosjakauma
Jokaisen tuloksen saaneiden osuus
Persentiili vastausten määrän mukaan
Tuloshistoriasi
Et ole pelannut tätä visaa sen viimeisimmän päivityksen jälkeen